Songs that won the liberation war (Record no. 9486)
[ view plain ]
| 000 -LEADER | |
|---|---|
| fixed length control field | 00444 a2200133 4500 |
| 020 ## - INTERNATIONAL STANDARD BOOK NUMBER | |
| International Standard Book Number | 0869253433 (pbk.) |
| 005 - DATE AND TIME OF LATEST TRANSACTION | |
| control field | 20191017172854.0 |
| 084 ## - OTHER CLASSIFICATION NUMBER | |
| Classification number | PL8014.Z552 P66 1982 |
| 245 ## - TITLE STATEMENT | |
| Title | Songs that won the liberation war |
| Medium | |
| 260 ## - PUBLICATION, DISTRIBUTION, ETC. | |
| Place of publication, distribution, etc. | rh |
| Name of publisher, distributor, etc. | College Press |
| Date of publication, distribution, etc. | [1982] |
| 300 ## - PHYSICAL DESCRIPTION | |
| Extent | x, 167 p. : ill. |
| Other physical details | 23 cm. |
| Dimensions | x, 167 p. : ill. ; 23 cm. |
| 500 ## - GENERAL NOTE | |
| General note | by Alec J.C. Pongweni ; with a foreword by C.S. Banana. |
| 650 ## - SUBJECT ADDED ENTRY--TOPICAL TERM | |
| Topical term or geographic name entry element | ZIMBABWE HISTORY 2000 |
| 700 ## - ADDED ENTRY--PERSONAL NAME | |
| Personal name | Pongweni, Alec J. C. |
No items available.